Japan information processing development center : Online systems - Expanding data networks -

Guardado en:
Detalles Bibliográficos
Autor Corporativo: Jipdec Report
Formato: Libro
Lenguaje:Undetermined
Publicado: Japan Jipdec Report 1983
Materias:
Etiquetas: Agregar Etiqueta
Sin Etiquetas, Sea el primero en etiquetar este registro!
Thư viện lưu trữ: Trung tâm Học liệu Trường Đại học Cần Thơ
LEADER 00559nam a2200205Ia 4500
001 CTU_99701
008 210402s9999 xx 000 0 und d
082 |a 004 
082 |b J35 
110 |a Jipdec Report 
245 0 |a Japan information processing development center : 
245 0 |b Online systems - Expanding data networks - 
245 0 |c Jipdec Report 
260 |a Japan 
260 |b Jipdec Report 
260 |c 1983 
650 |a Computer science 
650 |z Japan 
904 |i Giang 
980 |a Trung tâm Học liệu Trường Đại học Cần Thơ